Lineamientos para una política social orientada a la consolidación democrática en una época de crisis

में बचाया:
ग्रंथसूची विवरण
निगमित लेखक: ILPES
स्वरूप: मूलपाठ
प्रकाशित: Quito: ILPES
टैग: टैग जोड़ें
कोई टैग नहीं, इस रिकॉर्ड को टैग करने वाले पहले व्यक्ति बनें!

MARC

LEADER 00000 a a2200000 04500
001 25075
003
040
090 |a 179700  
110 |a ILPES  
245 |a Lineamientos para una política social orientada a la consolidación democrática en una época de crisis  
260 |a Quito:   |b ILPES  
300 |a 25 p  
999 |c 16878  |d 16878